Las hazañas del aviador de Tsingtao (Record no. 5802)

MARC details
000 -CABECERA
campo de control de longitud fija 00615nam a2200205 a 4500
001 - NÚMERO DE CONTROL
campo de control BRCA_6115
005 - FECHA Y HORA DE LA ÚLTIMA TRANSACCIÓN
campo de control 20190320205335.0
008 - DATOS DE LONGITUD FIJA--INFORMACIÓN GENERAL
campo de control de longitud fija 300611s1917----mx-a######---#000-0#spa-#
041 ## - CÓDIGO DE LENGUA
Código de lengua del texto/banda sonora o título independiente spa
044 ## - CÓDIGO DEL PAÍS DE LA ENTIDAD EDITORA/PRODUCTORA
Código MARC del país mx
050 #4 - SIGNATURA TOPOGRÁFICA DE LA BIBLIOTECA DEL CONGRESO
Número de clasificación D640
Número de documento/Ítem .P58 1917
100 1# - ENTRADA PRINCIPAL--NOMBRE DE PERSONA
Nombre de persona Pluschow, Gunther
Fechas asociadas al nombre 1886-1931
9 (RLIN) 15444
245 10 - MENCIÓN DE TÍTULO
Título Las hazañas del aviador de Tsingtao
Resto del título mis aventuras en tres continentes del mundo
Mención de responsabilidad, etc. por el teniente capitán Gunther Pluschow.
260 ## - PUBLICACIÓN, DISTRIBUCIÓN, ETC.
Lugar de publicación, distribución, etc. México
Nombre del editor, distribuidor, etc. Muller
Fecha de publicación, distribución, etc. 1917
300 ## - DESCRIPCIÓN FÍSICA
Extensión 403 p.
Otras características físicas il., fotos
Dimensiones 19 cm.
500 ## - NOTA GENERAL
Nota general K18
650 14 - PUNTO DE ACCESO ADICIONAL DE MATERIA--TÉRMINO DE MATERIA
Término de materia o nombre geográfico como elemento de entrada Guerra Europea
Subdivisión cronológica 1914-1918
9 (RLIN) 14945
902 ## - CATALOGADOR
Iniciales GFM
942 ## - ELEMENTOS DE PUNTO DE ACCESO ADICIONAL (KOHA)
Fuente del sistema de clasificación o colocación Library of Congress Classification
Tipo de ítem Koha Libros
Holdings
Estado de retiro Estado de pérdida Estado dañado No para préstamo Localización permanente Ubicación/localización actual Fecha de adquisición Número de inventario Total de préstamos Signatura topográfica completa Código de barras Fecha visto por última vez Precio válido a partir de Tipo de ítem Koha
El ejemplar forma parte de la colección y puede ser consultado según las políticas vigentes.       Biblioteca del Museo Franz Mayer (Rogerio Casas-Alatriste) Biblioteca del Museo Franz Mayer (Rogerio Casas-Alatriste) 30/06/2011 K18   D640 .P58 1917 (K18) 6554 22/03/2019 22/03/2019 Libros